01475cam a2200277 45000010008000000030007000080050017000150080041000320200047000730400029001200410008001490420009001570840018001660900010001841000019001942450048002132500011002612600040002723000041003126500022003536500019003756510022003949420014004169990015004309520752004452507287YEEZEN20250711132818.0240821s2024 ch ac e 000 0 chi d a9786263643307q(平裝) :c新臺幣450元 aSANbchic桃市圖eCCR0 achi anbic a483.82ncsclt a483.81 a童榮地e著10a小資男的必比登之旅 /c童榮地著 a初版 a臺中市 :b白象文化,c2024.06 a123面 :b彩圖, 彩像 ;c21公分 7a餐飲業2lcstt. 7a餐廳2lcstt. 7a臺北市2lcstt. 2cclcBOOK c7654d7654 00102ccl4070ayeezenbyeezencYEEZENd2025-07-11l2m1o483.8pC03243r2025-09-05 00:00:00s2025-08-18w2025-07-11yBOOKz看到必比登推介的標誌,就可以安心消費, 不會像星級餐廳一樣,一頓餐費就讓人痛徹心扉, 在絕大多數的情況下,一張小朋友就能解決。 台灣有數十萬餐飲相關店家,能夠登上米其林指南的不過數百家, 說是千中選一甚至萬中選一都不為過。 米其林指南上的店家,幾乎多是揚名數十年的在地老店, 口味早已經過多方認證,米其林指南只不過是錦上添花, 讓其名聲登上國際舞台而已。 盛名之下無虛士,美食愛好者或是精打細算的吃貨, 絕對不能錯過這些餐廳。